<?xml version="1.0" encoding="UTF-8"?>
<record
    xmlns:xsi="http://www.w3.org/2001/XMLSchema-instance"
    xsi:schemaLocation="http://www.loc.gov/MARC21/slim http://www.loc.gov/standards/marcxml/schema/MARC21slim.xsd"
    xmlns="http://www.loc.gov/MARC21/slim">

  <leader>01185nam a22002297a 4500</leader>
  <controlfield tag="003">DO-SdBNP</controlfield>
  <controlfield tag="005">20171130103418.0</controlfield>
  <controlfield tag="008">171109b       1983  sp ||||| |||| 00| 0 spa d</controlfield>
  <datafield tag="020" ind1=" " ind2=" ">
    <subfield code="a">8475251226</subfield>
  </datafield>
  <datafield tag="040" ind1=" " ind2=" ">
    <subfield code="a">BPMSU</subfield>
    <subfield code="b">spa</subfield>
    <subfield code="c">BPMSU</subfield>
  </datafield>
  <datafield tag="092" ind1=" " ind2=" ">
    <subfield code="a">xxxx</subfield>
    <subfield code="b">xxxx</subfield>
  </datafield>
  <datafield tag="100" ind1="1" ind2=" ">
    <subfield code="a">Aldecoa, Josefina R.</subfield>
  </datafield>
  <datafield tag="245" ind1="0" ind2="0">
    <subfield code="a">Los Ni&#xF1;os de la guerra /</subfield>
    <subfield code="c">selecci&#xF3;n, pr&#xF3;logo, semblanzas, biograf&#xED;as y comentarios, Josefina R. Aldecoa ; ilustraci&#xF3;n, Taller de Dise&#xF1;o.</subfield>
  </datafield>
  <datafield tag="260" ind1=" " ind2=" ">
    <subfield code="a">Madrid :</subfield>
    <subfield code="b">Ediciones Generales Anaya, </subfield>
    <subfield code="c">1983.</subfield>
  </datafield>
  <datafield tag="300" ind1=" " ind2=" ">
    <subfield code="a">255 p. :</subfield>
    <subfield code="b">il. ;</subfield>
    <subfield code="c">20 cm. </subfield>
  </datafield>
  <datafield tag="490" ind1="1" ind2=" ">
    <subfield code="a">Tus libros</subfield>
    <subfield code="v">30</subfield>
  </datafield>
  <datafield tag="505" ind1="0" ind2=" ">
    <subfield code="t">El primo Rafael / </subfield>
    <subfield code="r">Jes&#xFA;s Fern&#xE1;ndez Santos --</subfield>
    <subfield code="t">El cuarto de atr&#xE1;s / </subfield>
    <subfield code="r">Carmen Mart&#xED;n Gaite --</subfield>
    <subfield code="t">Alfanhu&#xED; / </subfield>
    <subfield code="r">Rafael S&#xE1;nchez Ferlosio --</subfield>
    <subfield code="t">Cassette / </subfield>
    <subfield code="r">Rafael Azcona --</subfield>
    <subfield code="t">Asi era entonces / </subfield>
    <subfield code="r">Juan Benet --</subfield>
    <subfield code="t">Carne de chocolate / </subfield>
    <subfield code="r">Juan Garcia Hortelano --</subfield>
    <subfield code="t">El retrato / 
</subfield>
    <subfield code="r">Medardo Fraile --
</subfield>
    <subfield code="t">Dos d&#xED;as de septiembre / </subfield>
    <subfield code="r">Jos&#xE9; Manuel Caballero Bonald --</subfield>
    <subfield code="t">Cuaderno para cuentas /</subfield>
    <subfield code="r"> Ana Maria Matute --</subfield>
    <subfield code="t">Patio de armas / </subfield>
    <subfield code="r"> Ignacio Aldecoa.</subfield>
  </datafield>
  <datafield tag="830" ind1=" " ind2="0">
    <subfield code="a">Tus libros</subfield>
    <subfield code="v">30</subfield>
  </datafield>
  <datafield tag="942" ind1=" " ind2=" ">
    <subfield code="2">ddc</subfield>
    <subfield code="c">BK</subfield>
  </datafield>
  <datafield tag="945" ind1=" " ind2=" ">
    <subfield code="a">Inventariado extranjero /2017 BT</subfield>
  </datafield>
  <datafield tag="952" ind1=" " ind2=" ">
    <subfield code="0">0</subfield>
    <subfield code="1">0</subfield>
    <subfield code="2">ddc</subfield>
    <subfield code="4">0</subfield>
    <subfield code="7">0</subfield>
    <subfield code="8">CG</subfield>
    <subfield code="a">BPMET</subfield>
    <subfield code="b">BPMET</subfield>
    <subfield code="d">2017-11-09</subfield>
    <subfield code="e">FUNDI</subfield>
    <subfield code="l">0</subfield>
    <subfield code="p">BPMSU17110127</subfield>
    <subfield code="r">2017-11-09</subfield>
    <subfield code="w">2017-11-09</subfield>
    <subfield code="y">BK</subfield>
  </datafield>
  <datafield tag="956" ind1=" " ind2=" ">
    <subfield code="a">LOPEREZ</subfield>
    <subfield code="b">10</subfield>
    <subfield code="c">20171109</subfield>
    <subfield code="d">0041</subfield>
  </datafield>
  <datafield tag="999" ind1=" " ind2=" ">
    <subfield code="c">12833</subfield>
    <subfield code="d">12833</subfield>
  </datafield>
</record>
